• 首页
  • 本馆介绍
  • 公告通知
  • 最新文献
  • 馆藏检索
  • 电子资源
  • 读者导购
  • 参考咨询
  • 我的图书馆
  • 登录
  • 详细信息显示
  • 放入我的书架
  • 预约/预借图书
  • 作者相关作品
  • 分类相关作品
  • 丛书相关作品
  • 出版社相关作品

书目信息

  • 表格格式
  • 工作单格式
  • 卡片格式
题名:
思想政治教育学
    
 
作者: 邱伟光 著
分册:  
出版信息: 上海   学林出版社  1990
页数: 390页
开本: 19cm
丛书名:
单 册:
中图分类: D64
科图分类: 38.13
主题词: 教育学-思想政治教育 , 思想政治教育-教育学
电子资源:
ISBN: 7-80510-599-5
000 00682nam0 2200241 45
001 0192001156
005 20070714082308.98
010    @a7-80510-599-5@dCNY3.85
100    @a19920115d1990 em y0chiy0121 ea
101 0  @achi
102    @aCN@b310000
105    @ay z 000yy
200 10 @a思想政治教育学@ASI XIANG ZHENG ZHI JIAO YU XUE@f邱伟光著@Fqiu wei guang zhu
210    @a上海@c学林出版社@d1990
215    @a390页@d19cm
540 1  @a思想 教育@ASI XIANG JIAO YU
606    @a教育学-思想政治教育
606    @a思想政治教育-教育学
690    @aD64@v三版
692    @a38.13
701  0 @a邱伟光@Aqiu wei guang@4著
801  0 @aCN@bTSSF@c20070714
905    @a10447@dD64@e126
    
    思想政治教育学/邱伟光著.-上海:学林出版社,1990
    390页;19cm
    
    
    ISBN 7-80510-599-5:CNY3.85
    
●
相关链接 在E读中查询图书 在五车中查询图书 在当当中查询图书 在豆瓣中查询图书


正题名:思想政治教育学     索取号:D64/126         预约/预借

序号 登录号 条形码 馆藏地/架位号 状态 备注
1 0767933   207679332   第一样本阅览室/ [索取号:D64/126] 在馆    
欢迎您!
大连网信软件有限公司© 版权所有